000 00297nam a2200121Ia 4500
008 190216s9999||||xx |||||||||||||| ||und||
100 _aKrishnamoorthy Ev And Sen S K
245 0 _aNumerical Algorithms
260 _bEast-West Press
_c1986
300 _a629p
650 _aMathematics
942 _cBK
999 _c31178
_d31178